000 00317nam a2200121Ia 4500
008 230717s1967 xx 000 0 und d
020 _a81-7504-015-7
041 _aeng
082 _a346.02
_bWEE
100 _aWeeramantry C. G
245 _aLaw Of Contracts V.01
260 _aNew Delhi
_bLawman (India) Pvt. Ltd.
_c1967
999 _c673531
_d673531